15 krajów o największej liczbie zgonów Covid19 - 29 grudnia 2021 - Statystyki

Ogólne statystyki
  • Ten quiz został rozwiązany 47 razy
  • Średni wynik to 13 z 27
Statystyki odpowiedzi
kraj % Poprawnych
Francja
95%
Niemcy
95%
Stany Zjednoczone
95%
Rosja
85%
Włochy
85%
Brazylia
78%
Meksyk
71%
Wielka Brytania
71%
Indie
66%
Ukraina
61%
Argentyna
54%
Iran
41%
Indonezja
39%
Czechy
37%
Kolumbia
37%
Peru
37%
Rumunia
32%
Chorwacja
29%
Węgry
29%
Bułgaria
27%
Słowacja
27%
Litwa
22%
Gruzja
20%
Słowenia
20%
Macedonia Północna
15%
Bośnia i Hercegowina
12%
Armenia
7%
Nie znaleziono quizów pasujących do podanych kryteriów
Rozkład punktacji
Procent ludzi z każdym wynikiem
Percentyl według liczby udzielonych odpowiedzi
Twoja historia wyników
Nie rozwiązałeś tego quizu